Géographie chinoise sur la carte - Statistiques

Statistiques générales
  • Ce quiz a été pris 109 fois
  • Le résultat moyen est 11 sur 25
Réponses sur la Carte
Les réponses sont colorées sur une échelle allant du rouge au vert en fonction du pourcentage des utilisateurs qui les ont devinées à leur premier essai. Vous pouvez retrouver ces pourcentages ci-dessous.
 
Statistiques - réponses
réponse % Correct
Pékin
91%
Himalaya
88%
Désert de {Gobi}
87%
Shanghai
79%
Everest
78%
Guangzhou
78%
Hong Kong
78%
Tibet
73%
K2
69%
Fleuve {Jaune}
64%
Mékong
54%
Yangzi Jiang
50%
Mongolie-Intérieure
46%
Xi'an
40%
Hainan
30%
Chengdu
22%
Rivière des {Perles}
22%
Harbin
14%
Hubei
11%
Guangdong
10%
Shandong
3%
Kailash
2%
Lac {Qinghai}
1%
Liaodong
1%
Tianzi
0%
Aucun quiz correspondant
Distribution des résultats
% des personnes avec chaque résultat
Percentile par nombre de réponses
Votre historique - résultats
Vous n’avez pas pris ce quiz